000 00906nam a22002297a 4500
001 14519
003 BD-JhCC
005 20260210110507.0
008 260210b |||||||| |||| 00| 0 eng d
035 _a(BD-JhCC)14519
040 _aBD-JhCC
_dBD-JhCC
041 _aবাংলা
082 _223
_a956.94
_bLIA.2019
100 _aআলী,লিয়াকত
245 _aফিলিস্তিন সমস্যা ও ইহুদি চক্রান্ত /
_cমাওলানা লিয়াকত আলী
260 _aঢাকা:
_bথানভী,
_c২০১৯
300 _a৩৪৪ পৃ.;
_c২২ সেমি.
_eপেপার বাইন্ডিং
650 _aফিলিস্তিন–ইসরাইল সংকট
650 _aমধ্যপ্রাচ্যের রাজনৈতিক ইতিহাস
942 _2ddc
_cBK
999 _c14519
_d14519